000 00699nam a2200253Ia 4500
008 160404s9999 xx 000 0 und d
020 _a971-08-5990-0
050 _aFIL HF 5549.12
050 _b.M57 2007
100 _aMiranda, Gregorio S.
245 _aSupervisory management :
245 _bthe management of effective supervision /
245 _cGregorio S. Miranda.
250 _aRev. Ed.
260 _aMandaluyong:
260 _bNational Book Store,
260 _c2007
300 _a204 pages :
300 _billustrations ;
300 _c22 cm.
500 _aIncludes bibliographical references.
650 _aPersonnel management.
650 _xSupervision of employees.
999 _c293294
_d293294